000 00991nam a22002537a 4500
999 _c65827
_d65827
005 20240530110845.0
008 201006s2020 ua a g b 000 0 ara d
017 _a2019/13012
_bمصر. دار الكتب
020 _a9789777359948
040 _aEG-CaGPL
_cEG-CaGPL
082 0 4 _221
_a020.715/
_bأ ت
100 0 _aالسعيد مبروك ابراهيم
245 1 0 _aتنمية الوعى المعلوماتى لدى العاملين بالمكتبات /
_cالسعيد مبروك ابراهيم
250 _aط.1
260 _aالقاهرة :
_bدار الوفاء لدنيا الطباعة و النشر،
_c2020.
300 _a188 ص. :
_bايض ؛
_c24 سم.
504 _aيشتمل على ارجاعات ببليوجرافية
650 0 7 _2qrmak
_aالمعلومات، علم
650 0 7 _2qrmak
_aالخدمة المكتبية
651 _2qrmak
653 0 _aالمكتبات - العاملين
942 _2ddc
_cBK